[Event "FRA-ch 91st"]
[Site "Agen"]
[Date "2016.08.18"]
[Round "6"]
[White "Gharamian, Tigran"]
[Black "Bauer, Christian"]
[Result "1-0"]
[WhiteElo "2637"]
[BlackElo "2620"]
[Annotator "Besenthal,K/Primel,D"]
[PlyCount "101"]
[EventDate "2016.08.13"]
[EventType "tourn"]
[EventRounds "9"]
[EventCountry "FRA"]
[EventCategory "14"]
[SourceTitle "CBM 174"]
[Source "ChessBase"]
[SourceDate "2016.09.13"]
[SourceVersion "1"]
[SourceVersionDate "2016.09.13"]
[SourceQuality "1"]
[TimeControl "40/5400+30:1800+30"]

1. e4 {[%emt 0:00:41]} d5 {[%emt 0:00:00]} 2. exd5 {[%emt 0:00:12]} Qxd5 {
[%emt 0:00:00]} 3. Nc3 {[%emt 0:00:09]} Qd6 {[%emt 0:00:12]} 4. d4 {[%emt 0:01:
32]} c6 {[%emt 0:00:48]} 5. Ne4 {[%emt 0:08:25]} (5. Bc4 Nf6 6. h3 Bf5 7. g4
Be6 8. Bb3 Bd5 9. Nxd5 cxd5 10. Nf3 Nc6 11. Qe2 e6 12. c3 Nd7 13. Be3 Be7 14.
g5 Qc7 15. h4 Bd6 16. O-O-O O-O-O 17. Kb1 Na5 18. Bc2 Nc4 19. Bd3 Ndb6 20. Bc1
Kb8 21. h5 g6 22. b3 Na3+ 23. Kb2 Nd7 24. Bd2 Rc8 25. Ne5 Nxe5 26. dxe5 Be7 27.
Rh4 a6 28. Ra4 Qc5 29. Rb4 Qa5 30. Rf4 Nb5 31. Bxb5 axb5 32. Rxf7 Ba3+ 33. Kb1
b4 34. cxb4 Bxb4 {Edouard,R (2680)-Bauer,C (2658) Nimes 2014 0-1}) 5... Qe6 {
[%emt 0:00:53]} 6. Qe2 {[%emt 0:02:13]} Nf6 {[%emt 0:00:34]} 7. Nxf6+ {[%emt 0:
05:13]} Qxf6 {[%emt 0:09:22]} 8. Be3 {[%emt 0:01:58]} Bf5 {[%emt 0:07:13]} 9.
O-O-O $146 {[%emt 0:06:42]} (9. g4 Bd7 10. Bg2 Na6 11. Nh3 Nb4 12. Ng5 Nd5 13.
Ne4 Qg6 14. h3 h5 15. Nc5 hxg4 16. Nxd7 Kxd7 17. hxg4 Rxh1+ 18. Bxh1 e6 19.
O-O-O Bd6 20. Bd2 Rh8 21. Be4 Nf4 22. Qf3 Qf6 23. Qb3 Kc8 24. Be3 Nd5 25. Bxd5
exd5 26. c4 Qf3 27. cxd5 cxd5 28. Kb1 Kb8 29. g5 Qe4+ 30. Qc2 Qxc2+ 31. Kxc2 g6
32. Kd3 Kc7 33. Ke2 Kd7 34. Kf3 Ke6 35. Kg4 Rc8 36. Rc1 Rc7 37. a3 Rc6 38. Re1
Kd7 {Sanal,V (2390)-Delchev,A (2638) Skopje 2014 1/2-1/2 (78)}) 9... Nd7 {
[%emt 0:04:49]} 10. g4 $5 {[%emt 0:15:14]} Be6 {[%emt 0:12:13]} 11. Bg2 {
[%emt 0:05:18]} Nb6 {[%emt 0:05:42]} 12. f4 $6 {[%emt 0:02:00] Das sieht
merkwürdig aus, denn es ist nicht klar, was Weiß mit dem Vorrücken seiner
Bauern eigentlich erreichen will. So gesehen muss er damit rechnen, am Ende
einfach nur schwache - weil zu weit vorgestoßene - Bauern zu besitzen.} O-O-O
{[%emt 0:09:46]} (12... Bxa2 {war ebenfalls spielbar:} 13. b3 Qd6 14. Kb2 e6
15. Kxa2 Qa3+ 16. Kb1 Na4 17. bxa4 Qb4+ 18. Kc1 Qa3+ 19. Kb1 $11 (19. Kd2 $4
Bb4+ 20. c3 Qxc3#)) 13. Kb1 {[%emt 0:09:37]} Bc4 {[%emt 0:07:30]} 14. Qf2 {
[%emt 0:01:24]} e6 {[%emt 0:01:19]} 15. Nf3 {[%emt 0:07:34]} Bd6 {[%emt 0:05:
21]} 16. Nd2 {[%emt 0:06:50][%cal Gd2e4,Gd2c4]} Bd5 {[%emt 0:05:47]} 17. Ne4 {
[%emt 0:00:08]} Qg6 {[%emt 0:08:15]} 18. Ng5 $13 {[%emt 0:07:20]} (18. Nxd6+
Rxd6 19. Rhg1 Bxg2 20. Qxg2 $11) 18... Bxg2 {[%emt 0:11:57]} 19. f5 {[%emt 0:
00:31]} exf5 {[%emt 0:00:37]} 20. gxf5 {[%emt 0:00:14]} Qh5 {[%emt 0:00:39]}
21. Qxg2 {[%emt 0:00:21]} Rhe8 {[%emt 0:00:35] Die Initiative ist auf Schwarz
übergegangen. Der Nachziehende hat bei guter Figurenstellung die bessere
Struktur.} 22. Bc1 {[%emt 0:00:00]} h6 $6 {[%emt 0:06:01] Treibt den weißen
Springer auf bessere Felder.} (22... Nd5 $1) 23. Qf3 $6 {[%emt 0:05:46]} (23.
Ne4 $1) 23... Qxf3 {[%emt 0:00:25]} 24. Nxf3 {[%emt 0:00:07]} Be7 {[%emt 0:01:
08]} 25. Ne5 {[%emt 0:01:16] Das war die Absicht, die Weiß mit dem
Damentausch verfolgt hatte: Schwarze hatte nicht verhindern können, dass der
weiße Springer nach e5 gelangt. Ausrichten kann diese Figur aber nichts.} f6 {
[%emt 0:00:50]} 26. Ng6 {[%emt 0:01:54]} Rd5 {[%emt 0:00:31]} 27. Rhf1 $14 {
[%emt 0:05:33]} Bd6 {[%emt 0:00:18]} 28. h3 {[%emt 0:01:03]} Re4 {[%emt 0:00:
20]} 29. c3 {[%emt 0:00:22] Weiß ist keinesfalls verloren, denn er kann alles
decken, doch er ist in eine passive Rolle geraten.} Kd7 {[%emt 0:00:35]} 30.
Kc2 {[%emt 0:00:49]} Re2+ {[%emt 0:00:42]} 31. Rd2 {[%emt 0:00:32]} Rxd2+ {
[%emt 0:00:23]} 32. Bxd2 {[%emt 0:00:11]} Nc8 $6 {[%emt 0:00:25] Nach diesem
passiven Zug kommt Weiß wieder in die Vorwärtsbewegung.} (32... c5 $1 33. b3
c4 $11) 33. Kd3 {[%emt 0:00:39]} b5 {[%emt 0:00:26]} ({Oder} 33... c5 34. Ke4
Nb6 35. b3 $14) 34. b3 {[%emt 0:00:49][%csl Rd5]} c5 {[%emt 0:00:29]} (34...
Bc7 35. Ke4 {[%cal Gc3c4]} Bb6) 35. Be3 {[%emt 0:03:48]} cxd4 {[%emt 0:00:22]}
36. Ke4 $1 {[%emt 0:00:27]} dxe3 $5 {[%emt 0:00:56]} ({Mit} 36... Rc5 37. Bxd4
Rc7 {wäre Schwarz auf der sicheren Seite gewesen.}) 37. Kxd5 {[%emt 0:00:07]}
Bg3 {[%emt 0:00:09]} 38. Nf4 {[%emt 0:00:40]} Ne7+ $6 {[%emt 0:00:50] Joué
quasiment à tempo mais c'était une position critique} ({Notwendig war} 38...
Bxf4 39. Rxf4 Ne7+ 40. Kd4 e2 41. Re4 Nxf5+ 42. Kd3 Ng3 43. Re3 (43. Rd4+ Kc6
44. Kd2 f5 $11)) 39. Ke4 {[%emt 0:00:24]} Bxf4 {[%emt 0:00:26]} 40. Kxf4 {
[%emt 0:00:11]} e2 {[%emt 0:00:32]} 41. Rg1 $1 {[%emt 0:04:30]} ({Nach dem
naheliegenden} 41. Re1 Nd5+ 42. Ke4 Nxc3+ 43. Kd3 b4 44. Rg1 Kd6 45. Kd2 Ke5
46. Rxg7 a5 47. Ra7 Kxf5 48. Rxa5+ Kf4 $1 {kann sich Schwarz hingegen
verteidigen.} (48... Ke4 $2 49. Rc5)) 41... Nd5+ {[%emt 0:00:07]} 42. Kf3 {
[%emt 0:00:40]} Nxc3 {[%emt 0:00:47]} 43. Kf2 {[%emt 0:01:22]} Kd6 {[%emt 0:03:
28]} 44. Rxg7 {[%emt 0:00:55]} a5 {[%emt 0:07:31]} 45. Ra7 {[%emt 0:10:56]} Ke5
{[%emt 0:16:12]} 46. Rxa5 {[%emt 0:01:20]} Kxf5 {[%emt 0:00:07]} 47. a4 {
[%emt 0:04:11]} Ke4 {[%emt 0:00:04]} 48. Rxb5 {[%emt 0:01:19]} Kd3 {[%emt 0:00:
33]} 49. Ke1 {[%emt 0:00:35]} Ke3 {[%emt 0:05:49]} 50. Rc5 {[%emt 0:00:27]} Ne4
{[%emt 0:00:22]} 51. Rc2 {[%emt 0:00:22]} 1-0

[Event "Gausdal Int"]
[Site "Gausdal"]
[Date "1991.??.??"]
[Round "9"]
[White "Lanka, Zigurds"]
[Black "Thorhallsson, Throstur"]
[Result "1-0"]
[WhiteElo "2505"]
[BlackElo "2425"]
[Annotator "Blatny,P"]
[PlyCount "67"]
[EventDate "1991.08.??"]
[EventType "swiss"]
[EventRounds "9"]
[EventCountry "NOR"]
[SourceTitle "CBM 025"]
[Source "ChessBase"]
[SourceDate "1991.12.01"]
[SourceVersion "1"]
[SourceVersionDate "1991.12.01"]
[SourceQuality "1"]

1. e4 d5 2. exd5 Nf6 3. d4 Nxd5 4. Nf3 g6 5. Be2 Bg7 6. O-O O-O 7. c4 Nb6 8.
Nc3 Nc6 9. d5 Ne5 10. Qb3 (10. Nxe5 {--> Ernst-Thorhalsson CBM25}) 10... e6 11.
Rd1 exd5 12. cxd5 Bg4 13. Nd4 Bxe2 14. Ndxe2 Re8 15. a4 a5 16. Bf4 g5 17. Bg3
h5 18. d6 $1 cxd6 19. Ne4 {><d6} d5 20. N2c3 Nec4 21. f3 Rc8 22. Bf2 g4 $2 (
22... Rc6 23. Qb5 d4 $13) 23. Bxb6 Nxb6 (23... Qxb6+ 24. Qxb6 Nxb6 25. Nd6 $16
(25. Nxd5 $2 Nxd5 26. Rxd5 gxf3 27. gxf3 Re5 $5 $15)) 24. Nxd5 Nxd5 (24... Nd7
25. Nd6 (25. Ndf6+ $2 Bxf6 26. Rxd7 Bd4+ $1 $19) 25... Nc5 26. Qb6 Re6 (26...
gxf3 27. Qxd8 Rcxd8 28. Nxe8 Rxe8 29. gxf3 Re2 $16) 27. Nxc8 $1 Rxb6 (27...
Qxc8 28. Ne7+ $1 Rxe7 29. Rd8+ $18) 28. Nde7+ Qxe7 29. Nxe7+ Kf8 (29... Kh7 30.
Rd5 $1 $18) 30. Nf5 Bf6 31. Rd6 $18 {_|_}) 25. Rxd5 Qh4 $2 (25... Qc7 26. Nd6
gxf3 27. Qxf3 $1 $18 (27. gxf3 $2 Re2 $17) (27. Nxe8 f2+ $1 {/\ Rxe8<=>})) 26.
Rd7 $18 {><f7,Qh4} Re7 27. g3 $18 Rxd7 28. gxh4 Rd4 29. Rf1 Rb4 30. Qd5 g3 31.
b3 Rd4 32. Qxh5 Rc2 33. hxg3 Rd3 34. Ng5 1-0

[Event "Brno Morava-B"]
[Site "Brno"]
[Date "1991.??.??"]
[Round "5"]
[White "Aseev, Konstantin N"]
[Black "Gipslis, Aivars P"]
[Result "1-0"]
[WhiteElo "2525"]
[BlackElo "2475"]
[Annotator "Blatny,P"]
[PlyCount "75"]
[EventDate "1991.09.??"]
[EventType "tourn"]
[EventRounds "11"]
[EventCountry "CZE"]
[EventCategory "10"]
[SourceTitle "CBM 026"]
[Source "ChessBase"]
[SourceDate "1992.02.01"]
[SourceVersion "1"]
[SourceVersionDate "1992.02.01"]
[SourceQuality "1"]

1. e4 d5 2. exd5 Nf6 3. d4 Nxd5 4. Nf3 Bg4 5. h3 Bh5 6. g4 Bg6 7. Ne5 Nc6 8.
Nxg6 hxg6 9. Bg2 Qd6 10. O-O {N} (10. Nc3 Nf4 (10... Nxc3 11. bxc3 O-O-O 12.
Rb1 e5 13. O-O Re8 (13... exd4 14. cxd4 Qxd4 15. Qf3 $40) 14. Qe2 a6 15. Re1
$16) 11. Bxf4 Qxf4 12. Qd3 O-O-O 13. Bxc6 bxc6 14. Ne2 Qg5 15. Qc4 e5 16. Qxc6
exd4 17. Qa8+ Kd7 18. Qxa7 Bc5 $132 {Timoshenko-Gipslis,USSR 1975}) 10... Nf4
11. Bxf4 Qxf4 12. Nc3 O-O-O 13. Ne2 Qd6 14. c3 f5 15. Ng3 e5 $6 (15... e6 $142
{/\Be7+/=}) 16. gxf5 exd4 17. Qf3 $1 Rh4 (17... dxc3 $142 18. bxc3 {/\Rab1-b2,
Rfb1 -> ><b7}) 18. cxd4 Rxd4 19. Ne4 $16 Qd7 20. fxg6 Ne5 21. Qh5 Qe6 22. Rae1
{/\23.Nc5 Bxc5 24.Rxe5+-} Nxg6 $2 (22... Re8 $8 23. Nc3 $5 (23. f4 Qxg6 24.
Qxg6 Nxg6 25. Nd6+ Bxd6 26. Rxe8+ Kd7 27. Rg8 Nxf4 28. Rxg7+ Ke6 {/\Rd2;Ne2 +/
=/+/- _|_}) 23... Rdd8 24. f4 Qb6+ 25. Kh1 Nd7 $16) 23. Nc5 $1 Qf6 (23... Qf7
$2 24. Bxb7+ Kb8 25. Na6+ $1 Kxb7 26. Qb5+ Kc8 27. Qb8+ Kd7 28. Qxc7#) 24. Re6
Nf4 (24... Qf7 25. Bxb7+ Kb8 26. Bc6 (26. Na6+ Kxb7 27. Qb5+ Kc8 28. Rfe1 Qf4 (
28... Bd6 29. Rxd6 $1 {/\Qb8xc7#}) 29. Re8 $1 Be7 $8 30. R1xe7 $1 Nxe7 31. Rxe7
(31. Qb8+ Kd7 32. Qxd8+ Kc6 33. Qxe7 $18) 31... Rd1+ 32. Kg2 $18) 26... Bxc5
27. Qxc5 a6 $8 28. Re3 $1 Qf6 $8 29. Rb3+ Kc8 30. Qa7 $1 $18) 25. Qf3 $18 Bxc5
26. Qxb7+ Kd7 27. Qc6+ Kc8 28. Qa8+ Kd7 29. Qc6+ Kc8 30. Rxf6 gxf6 31. Qxc5 Rg8
32. Kh1 $1 Rd7 33. Qxa7 Rdg7 34. Bc6 Kd8 $138 {>= 1:0} 35. Re1 Ne6 36. Rxe6
Rg1+ 37. Kh2 R8g2+ 38. Bxg2 1-0

[Event "Budapest Honved"]
[Site "Budapest"]
[Date "1991.??.??"]
[Round "?"]
[White "Horvath, Zoltan"]
[Black "Stefansson, Hannes"]
[Result "0-1"]
[WhiteElo "2350"]
[BlackElo "2470"]
[Annotator "Blatny,P"]
[PlyCount "58"]
[EventDate "1991.??.??"]
[EventType "tourn"]
[EventRounds "11"]
[EventCountry "HUN"]
[EventCategory "9"]
[SourceTitle "CBM 027"]
[Source "ChessBase"]
[SourceDate "1992.04.01"]
[SourceVersion "1"]
[SourceVersionDate "1992.04.01"]
[SourceQuality "1"]

1. e4 d5 2. exd5 Nf6 3. d4 Nxd5 4. Nf3 g6 5. Be2 Bg7 6. O-O O-O 7. h3 c5 8.
dxc5 Na6 9. Bxa6 $2 (9. Nbd2 Nxc5 10. Nb3 $14) (9. c4 $5 Ndb4 10. a3 Qxd1 $6 (
10... Nc6 $13) 11. Rxd1 Nc2 $2 (11... Nc6 {/\Nxc5=}) 12. Ra2 {/\b4+-}) 9...
bxa6 10. c4 Nb4 $36 11. Nc3 Bf5 $1 {^^} 12. Ne1 (12. Bd2 $2 Bd3 13. Re1 Nc2 $19
) 12... Qxd1 13. Nxd1 Rac8 14. Be3 Be6 15. a3 Nc6 16. Nf3 (16. Rc1 Na5 $17)
16... Bxc4 $17 {_|_} 17. Re1 Bd5 18. Nd2 f5 19. f3 Rfd8 20. Rc1 a5 21. Nc3 Bf7
22. Na4 Rd3 $1 23. Nc4 Rcd8 24. Kf1 Bf6 $1 {Zugzwang} 25. Rc2 Nd4 26. Bxd4
R8xd4 $19 27. Rec1 (27. c6 Rxc4 $1 $19) 27... Be8 28. b3 Rxb3 29. Nab2 Rd5 {
/\Rxc5,Bb5} 0-1

[Event "Niksic"]
[Site "Niksic"]
[Date "1991.??.??"]
[Round "8"]
[White "Ziatdinov, Raset"]
[Black "Kontic, Djordjije"]
[Result "1-0"]
[WhiteElo "2515"]
[BlackElo "2325"]
[Annotator "Blatny,P"]
[PlyCount "77"]
[EventDate "1991.04.??"]
[EventType "tourn"]
[EventRounds "13"]
[EventCountry "YUG"]
[EventCategory "9"]
[SourceTitle "CBM 024"]
[Source "ChessBase"]
[SourceDate "1991.10.01"]
[SourceVersion "1"]
[SourceVersionDate "1991.10.01"]
[SourceQuality "1"]

1. e4 d5 2. exd5 Qxd5 (2... Nf6 {--> Dolmatov-Boissonet}) 3. Nc3 Qd8 (3... Qd6
4. d4 Nf6 5. Nf3 a6 6. Be3 Nc6 7. Qd2 Bg4 8. Ng5 $1 {+/= Karpov-Lutikov, USSR
1979}) (3... Qa5 {--> Fedorowicz-Ricardi CBM24}) 4. d4 g6 5. Nf3 (5. Bf4 Bg7 6.
Qd2 Nf6 7. O-O-O Nd5 (7... c6 8. Bh6 O-O 9. h4 $40) 8. Be5 O-O 9. h4 $40) 5...
Nh6 (5... Bg7 6. h3 Nh6 7. g4 $16) 6. Bg5 Bg7 7. Qd2 Nf5 8. O-O-O h6 9. Bf4 g5
$6 10. Be5 Bxe5 11. Nxe5 Nd7 12. f4 Nxe5 (12... gxf4 13. Qxf4 Nf6 14. Bc4 e6 (
14... Nd6 15. Nb5 e6 (15... Nxc4 16. Nxc4 Nd5 17. Qe5 Rg8 18. Qxd5 $18) 16.
Rhf1 $18) 15. g4 Nd6 16. Rhf1 $18) 13. fxe5 c6 14. Bc4 Be6 (14... e6 15. Ne4
$40) 15. Bxe6 fxe6 16. Qe2 Qa5 17. g4 Ng7 18. Rhf1 Kd7 19. Rf7 Ne8 (19... Rhg8
20. Ne4 $18) 20. Qf3 Rd8 21. d5 $1 Kc8 (21... exd5 22. Nxd5 $1) 22. dxc6 Nc7 (
22... bxc6 23. Rxe7 Nc7 24. Rd6 Qxe5 25. Rxc6 Rd7 26. Rexe6) (22... Rxd1+ 23.
Qxd1 bxc6 24. Rxe7 $18) 23. Rxe7 Qxe5 (23... Rxd1+ 24. Qxd1 Rd8 25. cxb7+) 24.
Red7 bxc6 25. Qxc6 Rxd7 26. Qxd7+ Kb8 27. a4 $1 Rf8 28. Kb1 Rf4 29. Nb5 Rb4 30.
b3 Rxb5 31. axb5 Nxb5 32. Qd8+ Kb7 33. Rd7+ Ka6 34. Qc8+ Ka5 35. Rd3 Qe1+ 36.
Ka2 Qb4 37. c4 $1 Nc3+ 38. Rxc3 Qxc3 39. Qc5+ (39. Qc5+ Ka6 40. Qb5#) 1-0

[Event "Buenos Aires Najdorf"]
[Site "Buenos Aires"]
[Date "1991.??.??"]
[Round "9"]
[White "Dolmatov, Sergey"]
[Black "Boissonet, Carlos P"]
[Result "1-0"]
[WhiteElo "2620"]
[BlackElo "2400"]
[Annotator "Blatny,P"]
[PlyCount "63"]
[EventDate "1991.04.??"]
[EventType "tourn"]
[EventRounds "13"]
[EventCountry "ARG"]
[EventCategory "11"]
[SourceTitle "CBM 024"]
[Source "ChessBase"]
[SourceDate "1991.10.01"]
[SourceVersion "1"]
[SourceVersionDate "1991.10.01"]
[SourceQuality "1"]

1. e4 d5 2. exd5 (2. Nc3 d4 3. Nce2 c5 4. Ng3 Nc6 5. Bc4 e6 6. f4 Nf6 7. Nf3
Be7 8. a3 a6 9. d3 b5 10. Ba2 O-O 11. O-O Qc7 12. Qe2 Bb7 13. f5 e5 14. Bg5 Qd6
15. h3 Nd7 16. f6 $1 $40 {Koglin-Nuenchert, Germany 1991}) 2... Nf6 (2... Qxd5
{--> Fedorowicz-Ricardi CBM24}) 3. c4 (3. Bb5+ {--> Gurgenidze-Sturua CBM24})
3... e6 {--> ChessBase: Gambit diskette I - key+games} (3... c6 4. d4 (4. dxc6
Nxc6 5. d3 e5 6. Nc3 Bf5 7. Nf3 Bb4 $5 8. Be2 e4 9. dxe4 Qxd1+ 10. Kxd1 O-O-O+
$13) 4... cxd5 {--> Panov attack}) 4. dxe6 Bxe6 5. Nf3 (5. d4 Bb4+ 6. Bd2 Qe7
7. Bxb4 Qxb4+ 8. Nd2 Nc6 9. Ngf3 O-O-O 10. d5 Bg4 11. Be2 Bxf3 12. Bxf3 Rhe8+
13. Kf1 Nd4 14. Qc1 Nxf3 15. Nxf3 Re4 16. b3 Rde8 17. h3 Nh5 18. g3 Nxg3+ 19.
fxg3 Re3 20. Ng1 Qd6 21. Rh2 Rxg3 22. Qb2 Qg6 23. Kf2 Ree3 24. Ne2 Rgf3+ 25.
Ke1 Qg1+ 26. Kd2 Qxh2 27. Re1 Qf2 {0:1 Sokolov,A-Speelman, Madrid (active) 1988
}) 5... Nc6 6. d4 Bb4+ 7. Nc3 Ne4 8. Bd2 Nxd2 9. Qxd2 Qe7 10. O-O-O $16 (10.
Qe3 O-O-O 11. O-O-O Rhe8 12. d5 Bxc3 13. Qxc3 Nb4 $44 {Mortensen-Thorhallsson})
10... O-O 11. a3 Na5 12. Kb1 Bf5+ 13. Ka2 $8 Bxc3 14. Qxc3 b6 15. Bd3 Qf6 16.
Rhe1 Rfe8 17. h3 h6 18. Bxf5 Qxf5 19. d5 $1 $18 Nb7 20. g4 Qd7 21. Ne5 Qd6 22.
h4 Qf6 23. Qg3 Nd6 24. f4 g6 25. g5 $1 {/\Ng4} Qf5 26. Ng4 Rxe1 27. Nxh6+ Kf8
28. Nxf5 Rxd1 29. Nxd6 cxd6 30. f5 gxf5 31. Qxd6+ Kg8 32. h5 1-0

[Event "St Petersburg op"]
[Site "St Petersburg"]
[Date "1994.??.??"]
[Round "6"]
[White "Mukhametov, Eldar"]
[Black "Terekhin, Anatoly"]
[Result "1-0"]
[WhiteElo "2390"]
[BlackElo "2350"]
[Annotator "Blatny,P"]
[PlyCount "61"]
[EventDate "1994.02.??"]
[EventType "swiss"]
[EventRounds "9"]
[EventCountry "RUS"]
[SourceTitle "CBM 041"]
[Source "ChessBase"]
[SourceDate "1994.08.01"]
[SourceVersion "1"]
[SourceVersionDate "1994.08.01"]
[SourceQuality "1"]

1. e4 d5 2. exd5 Nf6 3. Bb5+ Bd7 4. Bc4 (4. Be2 Nxd5 5. d4 Bf5 6. Nf3 e6 $10)
4... c6 $6 (4... Bg4 $142 {--> ChessBase diskette}) 5. dxc6 (5. Nc3 cxd5 (5...
Bg4 6. f3 $16) 6. Nxd5 Nxd5 7. Bxd5 Nc6 8. Nf3 $16) 5... Nxc6 6. Nf3 (6. d4 e5
$5 7. dxe5 Nxe5 8. Qe2 Bb4+ 9. c3 O-O $1 10. cxb4 Bg4 11. f3 (11. Nf3 Nxc4 12.
O-O $8 Rc8 $13) 11... Re8 $1 $40 (11... Nxc4 12. Qxc4 Rc8 13. Qf4) 12. Bb5 Bd7
$1 (12... Nd3+ 13. Bxd3 Qxd3 14. fxg4 Rxe2+ (14... Nd5 $5) (14... Rac8 $5) 15.
Nxe2 Re8 16. Nbc3 Nxg4 $13) 13. Be3 Nd5 $40) 6... e5 {><d4} (6... e6 7. d4 $16)
7. d3 Bc5 8. Nc3 (8. O-O Bg4 {/\Nd4} 9. h3 Bh5) 8... Bg4 {/^d1-h5,><d4} 9. h3 (
9. O-O Nd4 $6 10. Bxf7+ $1 Kf8 (10... Kxf7 $4 11. Nxe5+ Kf8 12. Nxg4 Nxg4 13.
Qxg4 $18) 11. Bc4 Nxf3+ 12. gxf3 Bh3 13. Re1 Qe8 $5 14. Bf4 $1 {/\Bg3+/-}) 9...
Bh5 10. Bg5 h6 11. Bxf6 gxf6 (11... Qxf6 12. Ne4 Qe7 $16) 12. Ne4 Be7 (12...
Bb6) 13. Ng3 Bg6 (13... Bxf3 14. Qxf3 Nd4 15. Qd1 $18 {_|_} (15. Qh5 $2 Nxc2+
16. Kd2 Nxa1 17. Qxf7+ Kd7 $13)) 14. Nh4 b5 (14... Qd4 15. Nxg6 fxg6 16. c3 $16
) 15. Bb3 (15. Bxb5 $4 Qa5+ $19) 15... Nd4 16. Nxg6 fxg6 17. Qg4 Qa5+ 18. Kf1
g5 (18... Nxb3 19. Qxg6+ Kd8 20. cxb3 $18) 19. Rd1 {/\ 19...Nxb3 20.axb3} Rd8
20. Nf5 h5 21. Ng7+ Kf8 22. Ne6+ Ke8 (22... Nxe6 23. Qxe6 Ke8 24. Qf7+ Kd7 25.
d4 $18) 23. Qe4 $18 Rd6 24. Qa8+ Bd8 25. Nxd4 Rxd4 (25... exd4 $142) 26. Qc6+
Kf8 27. c3 $1 Ra4 (27... Rf4 28. g3 $18) 28. d4 exd4 29. Re1 Qc7 30. Re8+ Kg7
31. Qxc7+ 1-0

[Event "Sao Paulo zt"]
[Site "Sao Paulo"]
[Date "1993.??.??"]
[Round "1"]
[White "Trindade, Sandro Heleno"]
[Black "Soppe, Guillermo"]
[Result "1-0"]
[WhiteElo "2315"]
[BlackElo "2460"]
[Annotator "Blatny,P"]
[PlyCount "39"]
[EventDate "1993.??.??"]
[EventType "swiss"]
[EventRounds "9"]
[EventCountry "BRA"]
[SourceTitle "CBM 036"]
[Source "ChessBase"]
[SourceDate "1993.10.01"]
[SourceVersion "1"]
[SourceVersionDate "1993.10.01"]
[SourceQuality "1"]

1. e4 d5 2. exd5 Qxd5 3. Nc3 Qa5 4. d4 Nf6 5. Nf3 c6 6. Bc4 Bf5 7. Ne5 e6 8. g4
Bg6 (8... Be4 $142 9. f3 Bd5 10. Be2) 9. Bd2 Qb6 (9... Nbd7 10. Qe2 {/\0-0-0 ->
}) 10. Qe2 $5 Nbd7 (10... Qxb2 $2 11. Rb1 Qxc2 (11... Qa3 12. Rxb7 {/\Ng6,Be6+-
}) 12. Rxb7 Be7 13. Nxf7 $1 Bxf7 (13... Kxf7 14. Qxe6+ Kf8 15. Qxe7#) 14. Bd3
$18 {ף}) (10... Qxd4 11. O-O-O (11. f4 $5) 11... Nbd7 12. Nxg6 hxg6 13. Bxe6
$1 fxe6 14. Qxe6+ Be7 (14... Kd8 $4 15. Bg5 $18) 15. Rhe1 O-O-O $8 16. Qxe7 $16
) 11. f4 (11. O-O-O $5) 11... O-O-O (11... Qxd4 12. Nf3 Qb6 13. f5 $18) 12.
O-O-O Nxe5 (12... Bb4 13. h4 {ץg6}) 13. dxe5 Nd5 14. Rhf1 {<->f,<->3} h6 15.
f5 Bh7 16. Rf3 Be7 (16... Nxc3 17. Bxc3 Rxd1+ 18. Qxd1 exf5 19. gxf5 Qc7 20. e6
$40 {עc8,ץh7,Pe6,f5}) 17. Nxd5 cxd5 18. Rb3 $1 Qd4 (18... Qc7 19. Ba6 $1 $18)
(18... Qc6 19. Bb5 $18) 19. Ba6 $1 $18 Rd7 (19... bxa6 20. Qxa6+ Kd7 21. Qb5+
Kc7 22. Qb7#) 20. Bxb7+ (20. Bxb7+ Rxb7 21. Qa6 Qb6 22. Rxb6 axb6 23. Qa8+ Rb8
24. Qc6+ Kd8 25. Be3 Bg5 26. Bxg5+ hxg5 27. Qd6+ Kc8 28. Rd3 $18) 1-0